01011cam a22003257a 4500003000500000005001700005008004100022010001000063011001000073035001000083040000900093082001700102100002200119245001500141260003000156300002000186500003900206590004100245590004100286590004100327590004200368650002300410700002500433700002400458901000700482942001000489949005500499999001700554952011400571CHAP20220329135306.0971013s1982 es a r 00010 spa d a33900 a34872 a38988 cCHAP04a574bC9 197800aCzihak, G.93083210aBiología aMadrid :bAlhambra,c1982 a896 p.b: ilus. aTrad. de la 2 ed. alemán de 1978 aBATCH-UPDb10c20130110lUCH01h1805 aBATCH-UPDb10c20130410lUCH01h1141 aBATCH-UPDb10c20130914lUCH01h0633 aCONVERSIONb10c20130109lUCH01h131914aBiología.9127730 aLanger, H. Z.9647450 aZiegles, H.9124008 aBK cLIBRO a574 C9 1978bBCcMUTd-89100eMUTh61182i38988si c33900d33900 00104153708MUTaBCbBCd2019-12-31fLIBROl0o574 C9 1978p-89100r2019-12-31 00:00:00w2019-12-31yLIBRO